Combined Song Titles (80s) - Statistics

General Stats
  • This quiz has been taken 597 times
  • The average score is 13 of 20
Answer Stats
1 Word - 2 Songs % Correct
She Drives Me {Crazy} Little Thing Called Love
99%
Every Breath You {Take} On Me
96%
Down {Under} Pressure
91%
Uptown {Girl} You Know It's True
91%
The Boys Of {Summer} Of 69
90%
Lessons In {Love} Will Tear Us Apart
87%
When Doves {Cry} Just A Little Bit
75%
Another Day In {Paradise} City
74%
Mexican {Radio} Ga Ga
74%
Forever {Young} Turks
65%
The Safety {Dance} Hall Days
62%
The Wild {Boys} Don't Cry
62%
Straight {Up} Where We Belong
49%
Cuddly {Toy} Soldiers
48%
Are 'Friends' {Electric} Avenue
40%
Beds Are {Burning} Heart
40%
Slave to the {Rhythm} Is Gonna Get You
40%
Robert De Niro's {Waiting} For A Girl Like You
38%
All I Need Is A {Miracle} Of Love
22%
Who's {Johnny} And Mary
15%
No matching quizzes found
Score Distribution
Percent of People with Each Score
Percentile by Number Answered
Your Score History
You have not taken this quiz